[Event "Hamburg-ch Seniors op 16th"]
[Site "Hamburg"]
[Date "2009.11.02"]
[Round "3"]
[White "Zippert, Georg"]
[Black "Schneider, Klaus Peter"]
[Result "1-0"]
[WhiteElo "1708"]
[BlackElo "1928"]
[PlyCount "121"]
[EventDate "2009.10.31"]
[EventType "swiss"]
[EventRounds "9"]
[EventCountry "GER"]
[SourceTitle "EXT 2022"]
[Source "ChessBase"]
[SourceDate "2021.10.06"]
[SourceVersion "1"]
[SourceVersionDate "2021.10.06"]
[SourceQuality "1"]

1. e4 e5 2. Nf3 Nc6 3. Bb5 a6 4. Ba4 Nf6 5. d3 b5 6. Bb3 Be7 7. 0-0 0-0 8. c3 d6 9. h3 Na5 10. Bc2 c5 11. Bg5 Qc7 12. Nbd2 Re8 13. Re1 Bd7 14. Nf1 h6 15. Be3 Bf8 16. Ng3 g6 17. Rc1 Rac8 18. b4 Nc6 19. Bb3 Nd8 20. Qd2 Kh7 21. Nh4 Ne6 22. a3 Qd8 23. Nf3 Qe7 24. Red1 Bg7 25. Qa2 Rf8 26. Qe2 Ng8 27. Bd5 Nc7 28. Bb3 Be8 29. Nd2 f5 30. exf5 gxf5 31. f4 Ne6 32. Rf1 Qh4 33. Qf2 Qf6 34. Bc2 Ne7 35. Bb3 Ng6 36. Bxe6 Qxe6 37. Nh5 Bh8 38. bxc5 exf4 39. Nxf4 Nxf4 40. Qxf4 dxc5 41. Rfe1 Be5 42. Qf2 Qd6 43. Nf3 Bg3 44. Qc2 Bxe1 45. Rxe1 Bg6 46. Nh4 f4 47. Nxg6 Qxg6 48. Bf2 Rc7 49. Qe2 f3 50. Qf1 fxg2 51. Qxg2 Qxd3 52. Re3 Qb1+ 53. Re1 Qf5 54. Re4 Rg8 55. Rg4 Rcg7 56. Rg3 Rxg3 57. Bxg3 Qg6 58. Kh2 b4 59. axb4 cxb4 60. cxb4 Rb8 61. Bxb8 1-0

[Event "Pinneberg-ch"]
[Site "Pinneberg"]
[Date "2009.10.01"]
[Round "6"]
[White "Gollasch, Theo Heinz"]
[Black "Schneider, Klaus Peter"]
[Result "1/2-1/2"]
[WhiteElo "2129"]
[BlackElo "1915"]
[PlyCount "44"]
[EventDate "2009.08.27"]
[EventType "swiss"]
[EventRounds "7"]
[EventCountry "GER"]
[SourceTitle "EXT 2012"]
[Source "ChessBase"]
[SourceDate "2011.11.24"]
[SourceVersion "1"]
[SourceVersionDate "2011.11.24"]
[SourceQuality "1"]

1. Nf3 d5 2. g3 c6 3. Bg2 Bg4 4. Ne5 Bf5 5. d4 Nd7 6. Nd3 Ngf6 7. Nd2 e6 8. 0-0 Bd6 9. Nf3 Qc7 10. b3 0-0 11. Bb2 h6 12. Nde5 a5 13. c4 Rfd8 14. Rc1 Ne4 15. cxd5 exd5 16. Nxd7 Rxd7 17. Ne5 Re7 18. f3 Nf6 19. Qd2 Qb6 20. Nd3 Rae8 21. Rf2 Nd7 22. Bc3 Qa7 1/2-1/2

[Event "Hamburg Junge op"]
[Site "Hamburg"]
[Date "2005.10.07"]
[Round "5"]
[White "Homm, Marc Michael"]
[Black "Schneider, Klaus Peter"]
[Result "1/2-1/2"]
[WhiteElo "2043"]
[BlackElo "1908"]
[PlyCount "110"]
[EventDate "2005.10.01"]
[EventType "swiss"]
[EventRounds "9"]
[EventCountry "GER"]
[SourceTitle "CBM 108 Extra"]
[Source "ChessBase"]
[SourceDate "2005.11.04"]
[SourceVersion "1"]
[SourceVersionDate "2005.11.04"]
[SourceQuality "1"]

1. f4 Nf6 2. Nf3 d5 3. g3 c5 4. Bg2 g6 5. d3 Bg7 6. c3 0-0 7. 0-0 Nc6 8. Ne5 Qd6 9. d4 Bf5 10. e3 h5 11. h3 Be4 12. Nd2 Bxg2 13. Kxg2 Ne4 14. Nxe4 dxe4 15. Qc2 f5 16. Qb3+ c4 17. Qxc4+ Kh7 18. Nf7 Qd7 19. Ng5+ Kh6 20. b4 Rac8 21. Qe6 Qc7 22. Qb3 Nd8 23. Bb2 Qc4 24. Qxc4 Rxc4 25. g4 Bf6 26. Nxe4 fxe4 27. g5+ Kg7 28. gxf6+ Rxf6 29. Kf2 Ne6 30. Rg1 Rf5 31. Rg2 Kf7 32. h4 Nc7 33. Ke2 Nd5 34. Kd2 Nb6 35. Rag1 Rc6 36. Kc2 Nc4 37. Rg3 Ra6 38. a3 b5 39. Bc1 Rd5 40. Rg5 Rad6 41. Kb3 Nb6 42. Re5 Rxe5 43. fxe5 Rd8 44. Rf1+ Ke6 45. Rf4 Kd5 46. Rf7 Re8 47. Rg7 Rf8 48. Rxe7 Rf1 49. Rxa7 Rxc1 50. e6 Na4 51. e7 Rxc3+ 52. Ka2 Rxe3 53. e8Q Re2+ 54. Kb1 Nc3+ 55. Kc1 Na2+ 1/2-1/2

[Event "Hamburg Junge op"]
[Site "Hamburg"]
[Date "2005.10.03"]
[Round "3"]
[White "Becker, Thomas"]
[Black "Schneider, Klaus Peter"]
[Result "1-0"]
[WhiteElo "2070"]
[BlackElo "1908"]
[PlyCount "27"]
[EventDate "2005.10.01"]
[EventType "swiss"]
[EventRounds "9"]
[EventCountry "GER"]
[SourceTitle "CBM 108 Extra"]
[Source "ChessBase"]
[SourceDate "2005.11.04"]
[SourceVersion "1"]
[SourceVersionDate "2005.11.04"]
[SourceQuality "1"]

1. e4 c5 2. Nf3 e6 3. d4 cxd4 4. Nxd4 a6 5. Nc3 Qc7 6. Be3 Bb4 7. Qd2 Nf6 8. Bd3 d5 9. exd5 Nxd5 10. Nde2 Nxe3 11. Qxe3 0-0 12. Bxh7+ Kh8 13. Qh3 e5 14. Bf5+ 1-0

[Event "Wichern op 5th"]
[Site "Hamburg"]
[Date "1999.10.19"]
[Round "6.90"]
[White "Schneider, Klaus Peter"]
[Black "Porth, Hartmut"]
[Result "0-1"]
[WhiteElo "1949"]
[BlackElo "2198"]
[PlyCount "106"]
[EventDate "1999.10.15"]
[EventType "swiss"]
[EventRounds "9"]
[EventCountry "GER"]
[SourceTitle "EXT 2001"]
[Source "ChessBase"]
[SourceDate "2000.11.22"]
[SourceVersion "1"]
[SourceVersionDate "2000.11.22"]
[SourceQuality "1"]

1. e4 c5 2. Nf3 e6 3. d3 Nc6 4. g3 d6 5. Bg2 g6 6. 0-0 Bg7 7. Re1 Nge7 8. c3 0-0 9. Be3 Rb8 10. d4 cxd4 11. Nxd4 b5 12. a3 Qc7 13. Nd2 Ne5 14. f4 Nd3 15. Rf1 Nxb2 16. Qc2 Nc4 17. Nxc4 bxc4 18. a4 a6 19. f5 exf5 20. exf5 Bxd4 21. Bxd4 Nxf5 22. Rxf5 Bxf5 23. Qd2 f6 24. Bd5+ Kg7 25. h4 Qe7 26. Rf1 Rb1 27. Rxb1 Bxb1 28. Bxc4 a5 29. h5 h6 30. hxg6 Re8 31. Kf2 Qe4 32. Bf7 Re7 33. Be3 Qxe3+ 34. Qxe3 Rxe3 35. Kxe3 Bxg6 36. Bd5 Bf7 37. Bc6 Be6 38. Kd4 Kg6 39. Bd5 Bd7 40. Bb3 Bc6 41. c4 Kf5 42. Bd1 Kg5 43. c5 dxc5+ 44. Kxc5 Bd7 45. Kb6 Bxa4 46. Bf3 Bd7 47. Kxa5 Bg4 48. Bg2 Kf5 49. Kb4 Be2 50. Bh3+ Ke4 51. Kc5 Kf3 52. Kd6 Kxg3 53. Bd7 Bg4 0-1

[Event "Wichern op 5th"]
[Site "Hamburg"]
[Date "1999.10.17"]
[Round "3.83"]
[White "Heinrich, Matthias"]
[Black "Schneider, Klaus Peter"]
[Result "1-0"]
[WhiteElo "2163"]
[BlackElo "1949"]
[PlyCount "65"]
[EventDate "1999.10.15"]
[EventType "swiss"]
[EventRounds "9"]
[EventCountry "GER"]
[SourceTitle "EXT 2001"]
[Source "ChessBase"]
[SourceDate "2000.11.22"]
[SourceVersion "1"]
[SourceVersionDate "2000.11.22"]
[SourceQuality "1"]

1. e4 c5 2. Nf3 e6 3. d4 cxd4 4. Nxd4 a6 5. Nc3 Qc7 6. Be2 b5 7. a3 Bb7 8. 0-0 Nf6 9. Qd3 Nc6 10. Nxc6 dxc6 11. Bg5 Be7 12. Qe3 c5 13. e5 Nd5 14. Nxd5 Bxd5 15. Bxe7 Qxe7 16. c4 bxc4 17. Rfc1 Rb8 18. Rab1 Rb3 19. Qf4 g5 20. Qd2 0-0 21. Bxc4 Bxc4 22. Rxc4 Rd8 23. Qe2 Qb7 24. Qh5 Qd5 25. Qxg5+ Kf8 26. h4 Qd3 27. Rbc1 Rxb2 28. Rxc5 Qd2 29. Qf6 Rb7 30. Rc7 Qd1+ 31. Kh2 Rxc7 32. Rxc7 Rd7 33. Rc8+ 1-0

[Event "Wichern op 5th"]
[Site "Hamburg"]
[Date "1999.10.17"]
[Round "4"]
[White "Schneider, Klaus Peter"]
[Black "Koss, Christian"]
[Result "1-0"]
[WhiteElo "1949"]
[BlackElo "1454"]
[PlyCount "63"]
[EventDate "1999.10.15"]
[EventType "swiss"]
[EventRounds "9"]
[EventCountry "GER"]
[SourceTitle "EXT 2001"]
[Source "ChessBase"]
[SourceDate "2000.11.22"]
[SourceVersion "1"]
[SourceVersionDate "2000.11.22"]
[SourceQuality "1"]

1. e4 Nf6 2. e5 Nd5 3. d4 d6 4. Nf3 Bg4 5. Be2 Nc6 6. 0-0 e6 7. c4 Nb6 8. exd6 cxd6 9. b3 Be7 10. Bb2 0-0 11. Nbd2 d5 12. c5 Nd7 13. a3 e5 14. Nxe5 Bxe2 15. Qxe2 Ndxe5 16. dxe5 Bxc5 17. b4 Bb6 18. Nf3 Qd7 19. Qd3 Ne7 20. Rad1 Rad8 21. Bd4 Bxd4 22. Nxd4 Rfe8 23. f4 Nc6 24. Nf5 Re6 25. Nd6 Ne7 26. Rf3 Nc8 27. Ne4 b6 28. Rh3 h6 29. Qg3 Rg6 30. Qd3 Rc6 31. Rg3 Rc4 32. Nf6+ 1-0

[Event "Wichern op 5th"]
[Site "Hamburg"]
[Date "1999.10.16"]
[Round "2"]
[White "Schneider, Klaus Peter"]
[Black "Emami Eghdam, Kaweh"]
[Result "1-0"]
[WhiteElo "1949"]
[BlackElo "1345"]
[PlyCount "59"]
[EventDate "1999.10.15"]
[EventType "swiss"]
[EventRounds "9"]
[EventCountry "GER"]
[SourceTitle "EXT 2001"]
[Source "ChessBase"]
[SourceDate "2000.11.22"]
[SourceVersion "1"]
[SourceVersionDate "2000.11.22"]
[SourceQuality "1"]

1. e4 e5 2. Nf3 Nc6 3. d4 exd4 4. Nxd4 Qh4 5. Nc3 Bb4 6. Nf3 Qxe4+ 7. Be2 Bxc3+ 8. bxc3 Nf6 9. 0-0 0-0 10. Re1 Qa4 11. Bg5 Ne4 12. Qd3 d6 13. Be3 b6 14. Nd4 Nc5 15. Qd1 Ne5 16. f4 Nc4 17. Bf3 Nxe3 18. Rxe3 Bb7 19. Bxb7 Nxb7 20. Qg4 g6 21. Rh3 c5 22. Nf5 Qxc2 23. Ne7+ Kg7 24. Qg5 h5 25. f5 Rh8 26. Nxg6 f6 27. Qg3 Qxf5 28. Nxh8+ Kxh8 29. Rf1 Qe5 30. Qg6 1-0